American brands in other countries Quiz Stats

 Plays Quiz not verified by Sporcle

Challenge
Share
Tweet
Embed
Score 0/16 Timer 04:00
0 Plays Today
% Correct
T.K. Maxx
80.3%
(Oil of) Olaz
79.6%
Coca-Cola Light
78.8%
Danone
76.6%
Chipsy
75.2%
Coco Pops
60.6%
Sabritas
51.1%
Walkers
47.4%
% Correct
Hungry Jack's
43.8%
Lynx
33.6%
Mr Proper
30.7%
Mars Bar
29.2%
Milky Way
27.7%
Galaxy (bar)
27.7%
Batchelors
27%
Margarita
8%

You're not logged in!

Compare scores with friends on all Sporcle quizzes.
OR
Log In

You Might Also Like...

Show Comments

Extras

Top Quizzes Today


Score Distribution

Your Account Isn't Verified!

In order to create a playlist on Sporcle, you need to verify the email address you used during registration. Go to your Sporcle Settings to finish the process.

Report this User

Report this user for behavior that violates our Community Guidelines.

Details: